000 00814nam a22002177a 4500
999 _c161936
_d161936
005 20190807162834.0
010 _a1819CHEN B-717285-305
020 _a9788187107538
_c595.00
035 _aB-717285-305
035 _aB-728534
037 _bPragati Publications
082 _aS
245 _aThree hundred sixty five (365) bedtime stories
260 _c2019(repr.)
_aNew Delhi
_bOm Books International
270 _a107, Ansari Road, Darya Ganj
_bNew Delhi
_e110002
_k40009000
300 _a231p.:
_bcol. ill.
_c27cm(Hb)
500 _aAirport
942 _2ddc
_cCH
_hS
_mTHR